| 000 | 00590nam a2200193 i 4500 | ||
|---|---|---|---|
| 001 | 85487 | ||
| 003 | ES-MaACL | ||
| 005 | 20250902103717.0 | ||
| 007 | t| | ||
| 008 | 041129s1923 sp ||||1| spa d | ||
| 100 | 1 |
_aJuarros, César. _967171 |
|
| 245 | 1 | 0 |
_aSociedad de Española de Abolicionismo : _breglamento / _cCésar Juarros y Jesús H. Sampelayo. |
| 260 |
_aMadrid : _bJuan Pueyo, _c1923. |
||
| 300 |
_a16 p. ; _c17 cm. |
||
| 610 | 2 | 4 |
_aSociedad Abolicionista Española _96627 |
| 700 | 1 |
_aSampelayo, Jesús H. _9102189 |
|
| 852 | 4 |
_aES-MaACL _j1735-F-25 |
|
| 999 |
_c85487 _d85487 |
||